| 000 | 01141nam a22002777a 4500 | ||
|---|---|---|---|
| 003 | dpl | ||
| 005 | 20180719115020.0 | ||
| 008 | 180719b xxu||||| |||| 00| 0 eng d | ||
| 010 | _aA-716802 | ||
| 020 | _c70.00 | ||
| 035 | _aA-716802, A-716811 | ||
| 037 | _bCen Lib/Ret | ||
| 040 |
_aDPL _bHN _c0 |
||
| 082 |
_aउ _bवाजपेयी |
||
| 100 |
_aवाजपेयी, भगवतीप्रसाद _942819 |
||
| 245 |
_aअबला आज की / _cभगवतीप्रसाद वाजपेयी |
||
| 246 |
_aAbla aaj ki / _bby Bhagwati Prasad Vajpeyi |
||
| 260 |
_aनई दिल्ली _bसुयोग्य प्रकाशन _c1995 |
||
| 270 |
_bनई दिल्ली _aW-116, ग्रेटर कैलाश I _e110048 |
||
| 300 |
_a183पृ. _c18सेमी (सजिल्द) |
||
| 650 |
_a हिन्दी साहित्य _966257 |
||
| 650 |
_a हिन्दी साहित्य -- उपन्यास _946379 |
||
| 650 |
_aHindi literature _966258 |
||
| 650 |
_aHindi literature -- Fiction _966259 |
||
| 942 |
_2ddc _cHN _hउ _mवाजपेयी |
||
| 999 |
_c116387 _d116387 |
||